000
00252nam a2200097Ia 4500
008
240331s9999 xx 000 0 und d
082
_b
SRI
100
_a
Wickremaratne, D,. Ed
245
0
_a
Sri Lanka directory of women journalists and writers
942
_c
L
999
_c
3235
_d
3235